00893cam a22002411 45000010005000000030008000050050017000130080039000300350018000690350019000870400048001060410008001540820015001621000028001772450076002052600063002813000031003445000131003755040077005066500020005836500022006036500026006255095BD-RjUL20211208234016.0131224s1965 alua b 001 0 eng a(BD-RjUL)5131 a(OCoLC)1233036 aDLCcODaWUdOCoLCdODaWUdDLCdBD-RjULbeng aeng a301.4bPRB1 aPresthus, Robert Vance.10aBehavioral approaches to public administration /c[by] Robert Presthus. aUniversity, Albama :bUniversity of Alabama Press,cc1965. a158 p. :billus. ;c22 cm. aGiven in 1964 as the annual Southern Regional Training Program lectures in public administration at the University of Alabama. aBibliographical references included in "Notes" (p. [147]-152) and index. 0aCommunity life. 0aLocal government. 0aSocial participation.